| 000 | 01967cam a22004817a 4500 | ||
|---|---|---|---|
| 003 | CHAP | ||
| 005 | 20220329141113.0 | ||
| 008 | 971014s1996 r 00010 d | ||
| 010 | _a62611 | ||
| 011 | _a63583 | ||
| 035 | _a67759 | ||
| 040 | _cCHAP | ||
| 082 |
_a630.83 _bI56 Gto. |
||
| 110 |
_aInstituto Nacional de Estadística, Geografía e Informática. México _959304 |
||
| 245 | 0 |
_aIndicadores básicos censales _b: Guanajuato |
|
| 260 |
_aAguascalientes, Ags. : _bINEGI, _c1996 |
||
| 300 |
_a117 p. _b; anexos _e+ 1 anexo (20 diagramas de universos) |
||
| 590 |
_aBATCH-UPD _b10 _c20130110 _lUCH01 _h0140 |
||
| 590 |
_aBATCH-UPD _b10 _c20130110 _lUCH01 _h2026 |
||
| 590 |
_aBATCH-UPD _b10 _c20130409 _lUCH01 _h2139 |
||
| 590 |
_aBATCH-UPD _b10 _c20130410 _lUCH01 _h1344 |
||
| 590 |
_aBATCH-UPD _b10 _c20130913 _lUCH01 _h2046 |
||
| 590 |
_aBATCH-UPD _b10 _c20130914 _lUCH01 _h1102 |
||
| 590 |
_aCONVERSION _b10 _c20130109 _lUCH01 _h1334 |
||
| 650 | 1 | 4 |
_aAgricultura _xEstadísticas _zGuanajuato. _91452 |
| 650 | 1 | 4 |
_aAgricultura _zGuanajuato. _91927 |
| 650 | 1 | 4 |
_aBosques _xEstadísticas _xGuanajuato. _914145 |
| 650 | 1 | 4 |
_aCrédito agrícola _zGuanajuato. _929088 |
| 650 | 1 | 4 |
_aCultivos _xEstadísticas. _930269 |
| 650 | 1 | 4 |
_aCultivos _xGuanajuato. _930278 |
| 650 | 1 | 4 |
_aEjidos _xGuanajuato. _936015 |
| 650 | 1 | 4 |
_aGanadería _xEstadísticas _zGuanajuato. _944711 |
| 650 | 1 | 4 |
_aGanadería _xGuanajuato. _944742 |
| 650 | 1 | 4 |
_aMaquinaria agrícola _xEstadísticas. _971170 |
| 650 | 1 | 4 |
_aTierras _xTenencia _xGuanajuato. _9113167 |
| 790 | _aCensos agropecuarios (7o), 1991 | ||
| 901 | _aBK | ||
| 942 | _cLIBRO | ||
| 949 |
_a630.83 I56 Gto. _bBC _cC _d33724000686846 _eC _gI. c/e _h92307 _i67759 _si _t34.00 |
||
| 949 |
_a630.83 I56 Gto. _bBC _cESP _d-153144 _eESP _fanexo _h92307 _i67759 _sb _t34.00 |
||
| 949 |
_a630.83 I56 Gto. _bBC _cESP _d677592 _eESP _fanexo c.2 _gDonaciØn _h100426 _i67759 _sb |
||
| 949 |
_a630.83 I56 Gto. _bBC _cINEGI _d33724000899415 _eINEGI _fc.2 _gDonaciØn _h100426 _i67759 _sb |
||
| 999 |
_c62611 _d62611 |
||